00577 2200217 4500001002100000005001500021035002000036007000300056008004100059020002200100082001100122084001700133100002400150245006100174250001000235260005000245300002500295650001900320990000900339990001100348INLIS00000000000048620171003030610 a0010-1017000040ta171003 f 0 ind  a978-979-1409-32-2 a297.61 a297.61 GHO b0 aGhofur, Saiful Amin1 aBunga Rampai Khotbah Jumat Pilihan /cSaiful Amin Ghofur aCet.1 aYogyakarta :bPT. Pustaka Insan Madani,c2007 a188hlm ;c17 x 24 cm aKhotbah Jum'at a2294 a2294 a